|
|
|
|
| LEADER |
01781cas a2200241 a 4500 |
| 001 |
AALejournalIMF007169 |
| 008 |
230101c9999 xx r poo 0 0eng d |
| 020 |
|
|
|c 5.00 USD
|
| 020 |
|
|
|z 9781455274499
|
| 022 |
|
|
|a 1934-7685
|
| 040 |
|
|
|a BD-DhAAL
|c BD-DhAAL
|
| 110 |
2 |
|
|a International Monetary Fund.
|
| 245 |
1 |
0 |
|a West African Economic and Monetary Union :
|b Staff Report on Common Policies of Member Countries-Regional Consultation on Economic Issues and Policies-Staff Report, Public Information Notice Informational Annex, Staff Statement, Executive Director's Statement.
|
| 264 |
|
1 |
|a Washington, D.C. :
|b International Monetary Fund,
|c 2011.
|
| 300 |
|
|
|a 1 online resource (67 pages)
|
| 490 |
1 |
|
|a IMF Staff Country Reports
|
| 500 |
|
|
|a <strong>Off-Campus Access:</strong> No User ID or Password Required
|
| 500 |
|
|
|a <strong>On-Campus Access:</strong> No User ID or Password Required
|
| 506 |
|
|
|a Electronic access restricted to authorized BRAC University faculty, staff and students
|
| 520 |
3 |
|
|a In 2010, average inflation has remained low in all West African Economic and Monetary Union (WAEMU) countries, but has edged up in the second half of the year. After a moderate fiscal easing by about 1 1\2 percentage points of GDP in 2009, mostly the result of higher capital spending, the area-wide average deficit is estimated to have declined slightly to 3.1 percent of GDP in 2010. A compression of imports in 2009, the region's external current account deficit is estimated to have returned to about 5 1\2 percent of GDP in 2010.
|
| 538 |
|
|
|a Mode of access: Internet
|
| 830 |
|
0 |
|a IMF Staff Country Reports; Country Report ;
|v No. 2011/098
|
| 856 |
4 |
0 |
|z Full text available on IMF
|u http://elibrary.imf.org/view/journals/002/2011/098/002.2011.issue-098-en.xml
|z IMF e-Library
|